000 00427nam a22001697a 4500
999 _c523766
_d523766
003 NUST
038 _awaseem
082 _a891.4306
_bQAL
100 _aQalam Qabila
_914542
245 _aQalam Qabila /
_cQalam Qabila
260 _aBaluchistan :
_bQalam Qabila,
_c1956.
300 _a438 p. ;
500 _aPaperback.
880 _6100-02\r
_aقلم قبیلہ
880 _6245-02\r
_aقلم قبیلہ /
942 _2ddc
_cBK